|
|
|
|
| LEADER |
00000nam a2200000 4500 |
| 001 |
vtls012257915 |
| 003 |
SK-MaSNL |
| 005 |
20260331212714.0 |
| 008 |
240612s2024 xo a a 000 0 slo |
| 015 |
|
|
|a SNBA2024/07
|
| 020 |
|
|
|a 9788056712986
|q (brožované)
|
| 040 |
|
|
|a SNK
|b slo
|c SNK
|e rda
|
| 041 |
1 |
|
|a slo
|h eng
|
| 044 |
|
|
|a xo
|c SK
|
| 072 |
|
7 |
|a 0/9-053.2
|x Literatúra pre deti a mládež (náučná)
|2 konspekt
|
| 072 |
|
7 |
|a 793
|x Spoločenská zábava
|2 konspekt
|
| 080 |
|
|
|a 793-053.2
|2 2011
|
| 080 |
|
|
|a 793.7-047.25
|2 2011
|
| 080 |
|
|
|a (076.1)
|2 2011
|
| 080 |
|
|
|a (084.1.029.2)
|2 2011
|
| 080 |
|
|
|a (0.053.2)
|2 2011
|
| 080 |
|
|
|a (0.029)
|2 2011
|
| 100 |
1 |
|
|a Lane, Charly,
|d 1991-
|4 ill
|9 372255
|
| 240 |
1 |
0 |
|a Playtime learning: Odd one out
|l Slovensky
|
| 245 |
1 |
0 |
|a Čo sem nepatrí?
|b kniha aktivít so samolepkami
|c ilustrovali Charly Lane a Stuart Lynch
|
| 250 |
|
|
|a Prvé slovenské vydanie
|
| 264 |
|
1 |
|a Bratislava
|b Svojtka & Co.
|c 2024
|
| 300 |
|
|
|a 16 strán, 2 nečíslované listy s vytláčacími obrázkami, 2 nečíslované listy samolepiek
|b farebné ilustrácie
|c 28 cm
|
| 336 |
|
|
|a text
|b txt
|2 rdacontent
|
| 336 |
|
|
|a statický obraz
|b sti
|2 rdacontent
|
| 337 |
|
|
|a bez média
|b n
|2 rdamedia
|
| 338 |
|
|
|a zväzok
|b nc
|2 rdacarrier
|
| 500 |
|
|
|a Na obálke: Viac ako 250 samolepiek! ; Napomáha koordinácii oka a ruky, rozvíja logické myslenie, podporuje tvorivú hru
|
| 500 |
|
|
|a Listy s vytláčacími obrázkami a samolepkami všité na konci publikácie
|
| 500 |
|
|
|a Z angličtiny preložila Jitka Madarásová
|
| 521 |
8 |
|
|a Pre deti od 4 rokov
|
| 650 |
0 |
7 |
|a zábava pre deti
|2 SNKPH
|9 67255
|
| 650 |
0 |
7 |
|a Children's entertainment
|2 SNKPHeng
|9 306921
|
| 650 |
0 |
7 |
|a Look and find (game)
|2 SNKPHeng
|9 330495
|
| 650 |
0 |
7 |
|a hľadanie obrázkov (hry)
|2 SNKPH
|9 330494
|
| 655 |
|
7 |
|a pracovné zošity
|2 SNKPH
|9 70188
|
| 655 |
|
7 |
|a samolepky
|2 SNKPH
|9 79151
|
| 655 |
|
7 |
|a publikácie pre deti
|2 SNKPH
|9 70148
|
| 655 |
|
7 |
|a Activity books
|2 SNKPHeng
|9 302885
|
| 655 |
|
7 |
|a Stickers
|2 SNKPHeng
|9 303014
|
| 655 |
|
7 |
|a Publications for children
|2 SNKPHeng
|9 276792
|
| 655 |
|
7 |
|a skladačky
|2 SNKPH
|9 70683
|
| 655 |
|
7 |
|a Puzzles
|2 SNKPHeng
|9 311345
|
| 700 |
1 |
|
|a Madarásová, Jitka
|4 trl
|9 207448
|
| 700 |
1 |
|
|a Lynch, Stuart
|4 ill
|9 368782
|
| 787 |
0 |
8 |
|i Zo série:
|t Zábavné učenie
|
| 852 |
|
|
|a Slovenská národná knižnica
|
| 919 |
|
|
|a 978-80-567-1298-6
|
| 954 |
|
|
|a ilustrované knihy, leporelá, komiksy cudzojazyčné (svetové)
|2 lita
|
| 958 |
|
|
|a DB
|
| 968 |
|
|
|b ENG
|
| 999 |
|
|
|c 616010
|d 617940
|
| 952 |
|
|
|a SNK
|b SNK
|y PREZ
|7 0
|p 17A1550518
|o snkOSB 21363
|i snk2024/9359
|8 0
|0 0
|1 0
|4 0
|d 2024-06-12
|l 0
|r 2026-02-23 16:38:08
|w 2026-02-23
|
| 952 |
|
|
|a SNK
|b SNK
|y PREZ
|7 0
|p 17A1550519
|o snkOSB 21363 D1
|i snk2024/9360
|8 0
|0 0
|1 0
|4 0
|d 2024-06-12
|l 0
|r 2026-02-23 16:38:08
|w 2026-02-23
|